Política macroeconómica y reformas

Kaydedildi:
Detaylı Bibliyografya
Materyal Türü: Metin
Konular:
Etiketler: Etiketle
Etiket eklenmemiş, İlk siz ekleyin!

MARC

LEADER 00000 a a2200000 04500
001 10252
003
040
245 |a Política macroeconómica y reformas  
650 |a MACROECONOMIA  
650 |a POLITICA ECONOMICA  
650 |a DEFICIT  
650 |a MERCADO MONETARIO  
650 |a CREDITO  
650 |a ESTADISTICAS FINANCIERAS  
773 |g número 22 Especial; páginas 6-7  
999 |c 27390  |d 27390